Vzácne zeminy, perspektívy rozvoja ťažby a ich ekonomického využitia

Vzácne prvky budú s predpokladaným zlepšením technologického potenciálu jednotlivých krajín pri ich ťažbe hrať stále významnejšiu úlohu vo svetovom hospodárstve. Je predpoklad, že ČĽR bude posilňovať svoje dominantné postavenie pri ich umiestňovaní resp. obmedzovaní ich umiestňovania na svetový trh.

Gespeichert in:
Bibliographische Detailangaben
1. Verfasser: Dziura, Boris, 1976-
Format: Buchkapitel
Sprache:Slowakisch
Schlagworte:
Tags: Tag hinzufügen
Keine Tags, Fügen Sie das erste Tag hinzu!

MARC

LEADER 00000naa$a2200000$$$4500
001 0249519
005 20240502074005.9
041 0 |a slo 
044 |a SK 
245 1 0 |a Vzácne zeminy, perspektívy rozvoja ťažby a ich ekonomického využitia  |c Boris Dziura 
520 |a Vzácne prvky budú s predpokladaným zlepšením technologického potenciálu jednotlivých krajín pri ich ťažbe hrať stále významnejšiu úlohu vo svetovom hospodárstve. Je predpoklad, že ČĽR bude posilňovať svoje dominantné postavenie pri ich umiestňovaní resp. obmedzovaní ich umiestňovania na svetový trh. 
610 2 0 |a zdroje energetické 
610 2 0 |a zdroje energie alternatívne 
610 2 0 |a zdroje energie prírodné 
610 2 0 |a ťažba nerastov 
610 2 0 |a rozvoj trvalo udržateľný 
610 2 0 |a technológie nové 
610 2 0 |a využitie energie 
610 2 0 |a využitie zdrojov prírodných 
100 1 |a Dziura, Boris, 1976-